[Event "BL2-S9596"]
[Site "Germany"]
[Date "1996.??.??"]
[Round "?"]
[White "Gerstner, Wolfgang"]
[Black "Ksieski, Zbigniew"]
[Result "1-0"]
[WhiteElo "2385"]
[BlackElo "2400"]

1.d4 Nf6 2.Bg5 e6 3.e4 c5 4.e5 h6 5.Bc1 Nd5 6.c4 Nb6 7.dxc5 Bxc5 8.Qg4 Kf8
9.a3 f5 10.Qd1 Qh4 11.Qc2 a5 12.Nf3 Qe4+ 13.Qxe4 fxe4 14.Nh4 Kf7 15.Nc3 Bd4
16.Nxe4 Bxe5 17.Nf3 Bf6 18.Nxf6 gxf6 19.Be3 Na4 20.b3 Nc3 21.Nd2 d5 22.Rc1 Ne4
23.cxd5 exd5 24.Rc7+ Nd7 25.Nxe4 dxe4 26.Bc4+ Kg6 27.Bd5 Re8 28.O-O h5 29.Rd1 Re7
30.Bxb7 Bxb7 31.Rxb7 Rd8 32.Ra7 Rf7 33.h4 Rh7 34.Rd6 Rf7 35.Rxa5 Re8 36.Rg5+ Kh7
37.Rxh5+ Kg8 38.Bd4 Rc8 39.Rhd5 Rc1+ 40.Kh2 Ne5 41.Bxe5 fxe5 42.Rxe5 Rxf2
43.Rxe4 Rff1 44.Rd3 Rh1+ 45.Kg3 Rhd1 46.Rxd1 Rxd1 47.Re3 Kg7 48.a4 Rd4 49.Kh3 Kf6
50.Rf3+ Kg6 51.g4 Rb4 52.h5+ Kg5 53.Rf5+ Kh6 54.Rb5 Rd4 55.Kh4 Rd6 56.a5 Rd1
57.Rb6+ Kh7 58.Rb7+  1-0

[Event "BL2-S9596"]
[Site "Germany"]
[Date "1996.??.??"]
[Round "?"]
[White "Miltner, Arndt"]
[Black "Migl, Dieter"]
[Result "1-0"]
[WhiteElo "2280"]
[BlackElo "2275"]

1.d4 Nf6 2.Bg5 e6 3.e4 h6 4.Bxf6 Qxf6 5.Nc3 d6 6.Qd2 g6 7.O-O-O Bg7 8.f4 O-O
9.Nf3 b6 10.Be2 Bb7 11.g4 c5 12.g5 hxg5 13.fxg5 Qe7 14.d5 Nd7 15.h4 exd5
16.exd5 Rfe8 17.Bb5 Rad8 18.Rde1 Bxc3 19.Qxc3 Qf8 20.Rxe8 Qxe8 21.h5 Qf8
22.hxg6 Qg7 23.gxf7+ Kxf7 24.g6+ Qxg6 25.Bxd7 Rxd7 26.Rh7+ Qxh7 27.Ng5+ Ke8
28.Nxh7 Rxh7 29.Qf3 Kd8 30.Qf5 Re7 31.Qf8+ Kd7 32.Qb8 Bxd5 33.Qxa7+ Ke6 34.Qxb6 Bxa2
35.b3 c4 36.Qe3+ Kf7 37.Qf4+  1-0

[Event "BL2-W9596"]
[Site "Germany"]
[Date "1996.??.??"]
[Round "?"]
[White "Haubt, Georg"]
[Black "Kohlweyer, Bernd"]
[Result "1-0"]
[WhiteElo "2270"]
[BlackElo "2420"]

1.d4 Nf6 2.Bg5 e6 3.e4 h6 4.Bxf6 Qxf6 5.Nf3 d6 6.Nc3 a6 7.e5 Qe7 8.Bd3 Nd7
9.exd6 cxd6 10.O-O Qd8 11.Re1 Be7 12.Qe2 O-O 13.a4 Re8 14.a5 Nf8 15.b4 Bd7
16.Na4 Bxa4 17.Rxa4 d5 18.b5 Qd6 19.bxa6 bxa6 20.Rb1 Reb8 21.Raa1 Rxb1+ 22.Rxb1 Nd7
23.c4 Bf6 24.c5 Qc7 25.Bxa6 Qxa5 26.Bb7 Rb8 27.c6 Qc7 28.Qa6 Nf8 29.Ne5 Bd8
30.Nd3 Qd6 31.g3 Bc7 32.Qb5 Rd8 33.Qc5 f6 34.Qxd6 Bxd6 35.Nb4 Re8 36.Na6 Re7
37.Bc8 Ra7 38.Bb7 Kf7 39.c7 Bxc7 40.Nxc7 Ke7 41.Na6 g5 42.Nc5 Ra2 43.Ba6 e5
44.Rb7+ Kd6 45.Rb6+ Ke7 46.dxe5 fxe5 47.Rxh6  1-0

[Event "BL2-W9596"]
[Site "Germany"]
[Date "1996.??.??"]
[Round "?"]
[White "Kishnev, Sergey"]
[Black "Dydyshko, Viacheslav"]
[Result "1/2-1/2"]
[WhiteElo "2485"]
[BlackElo "2575"]

1.d4 Nf6 2.Bg5 e6 3.e4 h6 4.Bxf6 Qxf6 5.Nc3 d6 6.Qd2 g6 7.f4 Bg7 8.Nf3 Qe7
9.h4 h5 10.O-O-O Nd7 11.e5 d5 12.Nb5 Nb6 13.Qc3 Kd8 14.Qa5 a6 15.Na3 Bd7
16.Ng5 Kc8 17.Rh3 Rd8 18.Rb3 Bc6 19.g3 Qd7 20.Be2 Bf8 21.Kb1 Ba4 22.Rc3 Bc6
23.Rb3 Ba4 24.Rc3 Bc6 25.Rb3  1/2-1/2

[Event "BL9596 (Women)"]
[Site "Germany"]
[Date "1996.??.??"]
[Round "?"]
[White "Just, Gabriele"]
[Black "Arnhold, Kerstin"]
[Result "0-1"]
[WhiteElo "2005"]
[BlackElo "2035"]

1.d4 Nf6 2.Bg5 e6 3.Nf3 Be7 4.e3 b6 5.Bd3 Bb7 6.Nbd2 d6 7.O-O Nbd7 8.Qe2 O-O
9.Rfd1 Nd5 10.Bxe7 Nxe7 11.e4 Ng6 12.Qe3 Nf6 13.h3 Nh5 14.e5 Nhf4 15.Bf1 Nd5
16.Qe4 Qc8 17.Qg4 f5 18.exf6 Nxf6 19.Qg5 Ne4 20.Qe3 Nxd2 21.Nxd2 e5 22.Bc4+ Kh8
23.d5 Nf4 24.Ne4 Qf5 25.Rd2 Qg6 26.Ng3 Rf6 27.Rad1 Raf8 28.Bf1 Bc8 29.Kh2 Qf7
30.Ne4 Rh6 31.c4 Qh5 32.Rc1 Nxh3 33.gxh3 Rf3 34.Qg5 Rxh3+ 35.Kg2 Rg6 36.Rc3 Rxg5+
37.Nxg5 Qxg5+  0-1

[Event "Landesliga S9596 Bayern"]
[Site "Germany"]
[Date "1996.??.??"]
[Round "?"]
[White "Haller, Christoph"]
[Black "Kempter, Ronald"]
[Result "1-0"]
[WhiteElo "2110"]
[BlackElo "2250"]

1.d4 Nf6 2.Bg5 e6 3.e4 h6 4.Bxf6 Qxf6 5.c3 d6 6.Bd3 g6 7.Ne2 Nd7 8.O-O e5
9.f4 exd4 10.cxd4 Bg7 11.Nbc3 O-O 12.b4 Nb6 13.h3 Qh4 14.Rc1 Bd7 15.b5 Rac8
16.a4 c5 17.d5 Rce8 18.Nb1 c4 19.Bc2 f5 20.Nd2 c3 21.Nf3 Qe7 22.e5 dxe5 23.d6 Qd8
24.Bb3+ Kh7 25.Nxe5 Bxe5 26.fxe5 Rxe5 27.Rxc3 Be6 28.Rc7+ Nd7 29.Nf4 Bxb3
30.Qxb3 Rf6 31.Rd1 g5 32.Nd5 Rfe6 33.Rxb7 g4 34.Nf4 Re1+ 35.Rxe1 Rxe1+ 36.Kf2 Qh4+
37.g3  1-0

[Event "Landesliga Sued 9697 Bayern"]
[Site "Germany"]
[Date "1996.??.??"]
[Round "?"]
[White "Haller, Christoph"]
[Black "Straub, Juergen"]
[Result "0-1"]
[WhiteElo "2125"]
[BlackElo "2170"]

1.d4 Nf6 2.Bg5 e6 3.e4 h6 4.Bxf6 Qxf6 5.Nc3 b6 6.g3 Nc6 7.Nge2 Bb7 8.Bg2 g5
9.Qd2 h5 10.e5 Qg7 11.Rg1 Be7 12.O-O-O O-O-O 13.f4 h4 14.d5 exd5 15.Nxd5 Bc5
16.Nec3 Bxg1 17.Rxg1 hxg3 18.hxg3 gxf4 19.gxf4 Kb8 20.Qe3 Rh2 21.Be4 Qh6
22.Nb5 Nxe5 23.Ndxc7 Nc4 24.Qf3 Bxe4 25.Na6+ Kb7 26.Qxe4+ Qc6  0-1

[Event "Landesliga Nord 9697 Bayern"]
[Site "Germany"]
[Date "1996.??.??"]
[Round "?"]
[White "Polzer, Hans"]
[Black "Braun, Herbert"]
[Result "1-0"]
[WhiteElo "2045"]
[BlackElo "2110"]

1.d4 Nf6 2.Bg5 e6 3.e4 h6 4.Bxf6 Qxf6 5.Nf3 b6 6.Nc3 Bb7 7.Qd2 d6 8.O-O-O Nc6
9.d5 Nb8 10.Bb5+ Nd7 11.e5 Qe7 12.exd6 cxd6 13.dxe6 fxe6 14.Bxd7+ Qxd7 15.Ne5 Qc7
16.Ng6 Rg8 17.Nxf8 Kxf8 18.Nb5 Qc5 19.Nxd6 Bd5 20.Qf4+ Ke7 21.Ne4 Qc4 22.Qd6+ Kf7
23.Nc3 Rgd8 24.Qe5 Bxg2 25.Rhg1 Rxd1+ 26.Nxd1 Rd8 27.Ne3 Qe2 28.Qf4+ Kg8
29.Nxg2 Rc8 30.Qd2 Qe5 31.f4 Qc5 32.Re1  1-0

[Event "NRW-Liga II 9596"]
[Site "Germany"]
[Date "1996.??.??"]
[Round "?"]
[White "Kruse, Herbert"]
[Black "Ellers, Holger"]
[Result "1/2-1/2"]
[WhiteElo "2215"]
[BlackElo "2360"]

1.d4 Nf6 2.Bg5 e6 3.e4 h6 4.Bxf6 Qxf6 5.e5 Qe7 6.Nd2 d6 7.Bd3 Nc6 8.exd6 cxd6
9.c3 g6 10.Ngf3 Bg7 11.O-O O-O 12.Re1 Qc7 13.Qe2 Bd7 14.Rad1 Ne7 15.Nf1 Nd5
16.g3 Bc6 17.Ne3 Nf6 18.Nh4 b6 19.Bb5 Bb7 20.Ba6 Qc8 21.Bxb7 Qxb7 22.Qf3 Qc7
23.Nhg2  1/2-1/2

[Event "NRW-Liga II 9596"]
[Site "Germany"]
[Date "1996.??.??"]
[Round "?"]
[White "Heisel, Guido"]
[Black "Haselhorst, Helmut"]
[Result "0-1"]
[WhiteElo "2230"]
[BlackElo "2195"]

1.d4 Nf6 2.Bg5 e6 3.e4 h6 4.Bxf6 Qxf6 5.Nc3 g6 6.e5 Qe7 7.f4 d5 8.Nf3 c5
9.Nb5 Qd8 10.c4 dxc4 11.Bxc4 cxd4 12.Qxd4 Qxd4 13.Nfxd4 Na6 14.a3 Be7 15.Rd1 O-O
16.Ne2 Rd8 17.Rxd8+ Bxd8 18.O-O Bd7 19.Nd6 Bb6+ 20.Kh1 Bc6 21.b4 Nc7 22.b5 Bd5
23.Bxd5 Nxd5 24.a4 a6 25.g3 axb5 26.axb5 Ra2 27.Ng1 Ne3 28.Rc1 Ng4 29.Rc8+ Kh7
30.Nf3 Rf2 31.h3 Rf1+ 32.Kg2 Ne3+ 33.Kh2 Rf2+ 34.Kh1 Rxf3 35.Ne4 Nd5 36.Rb8 Re3
37.Nf6+ Nxf6 38.exf6 Rxg3 39.Rxb7 Bd4 40.Kh2 Rb3 41.Rxf7+ Kg8 42.Rg7+ Kf8
43.Rxg6 Kf7 44.Rxh6 Rxb5 45.Rh7+ Kxf6 46.Kg3 Rb1 47.Rd7 Bc5 48.h4 Rg1+ 49.Kf3 Rf1+
50.Ke4 Rh1 51.Rh7 Bf8 52.Rh5 Rf1 53.Rh8 Bd6 54.Rh6+ Kf7 55.Rh7+ Kg6 56.Rd7 Bxf4
57.Re7 e5 58.Re8 Re1+ 59.Kf3 Re3+ 60.Kf2 Rh3 61.Kg2 Rxh4 62.Rg8+ Kf5 63.Ra8 Rh2+
64.Kf1 e4 65.Ke1 e3 66.Re8 Kg4 67.Kf1 Kf3 68.Kg1 Ra2 69.Rxe3+ Bxe3+ 70.Kh1 Bf4  0-1

[Event "NRW-Liga I 9697"]
[Site "Germany"]
[Date "1996.??.??"]
[Round "3.6"]
[White "Forchert, Niko"]
[Black "Brenke, Andreas"]
[Result "1/2-1/2"]
[WhiteElo "2220"]
[BlackElo "2280"]

1.d4 Nf6 2.Bg5 e6 3.e4 h6 4.Bxf6 Qxf6 5.Nc3 d6 6.Qd2 g5 7.h4 g4 8.f4 gxf3
9.gxf3 h5 10.f4 Bh6 11.Nge2 Nc6 12.O-O-O Bd7 13.Kb1 O-O-O 14.Qe3 e5 15.dxe5 dxe5
16.Nd5 Qg7 17.Qc5 Bg4 18.Rd3 f5 19.Rb3 Rd6 20.Qb5 Nd8 21.fxe5 Qxe5 22.Nec3 Re8
23.Qa5 Rxd5 24.Qxd5 Qf4 25.Bc4 fxe4 26.Rf1 Qh2 27.Nxe4 Qxh4 28.Qd3 Be2 29.Qxe2 Rxe4
30.Qd1 Rxc4 31.Rd3 b6 32.Rh1 Qf6 33.Rxh5 Nc6 34.Qf3 Rf4 35.Qd5 Rf1+ 36.Rd1 Rxd1+
37.Qxd1 Bg7 38.c3 Qg6+ 39.Ka1  1/2-1/2

[Event "Goch op"]
[Site "Goch"]
[Date "1996.??.??"]
[Round "4"]
[White "Ydo, Pim"]
[Black "De Gleria, Francesco"]
[Result "0-1"]
[WhiteElo "2140"]
[BlackElo "2350"]

1.d4 Nf6 2.Bg5 e6 3.e4 h6 4.Bxf6 Qxf6 5.Nc3 d6 6.Qd2 g5 7.O-O-O Qf4 8.Qxf4 gxf4
9.Kb1 c6 10.g3 fxg3 11.hxg3 Na6 12.Bh3 Bd7 13.Nge2 O-O-O 14.Nf4 Nc7 15.a3 b6
16.Nce2 Be7 17.c4 h5 18.d5 Rh6 19.Nc3 Kb8 20.dxc6 Bxc6 21.Bg2 h4 22.gxh4 Rxh4
23.Rxh4 Bxh4 24.Nd3 Rg8 25.Bf3 Ne8 26.Bh5 Rg7 27.Nb4 Bb7 28.f3 Nf6 29.Rh1 Bg3
30.Bg4 a6 31.Rh8+ Rg8 32.Rxg8+ Nxg8 33.Bh5 Nh6 34.Nd3 Kc7 35.Kc2 Bh4 36.b4 Be7
37.Kb3 Bc8 38.f4 f5 39.exf5 Nxf5 40.Ne2 Bb7 41.Bg4 Ng7 42.Nd4 Bc8 43.Nc1 Bf6
44.Nce2 Bd7 45.a4 Bh4 46.b5 a5 47.Kc2 Kd8 48.Nf3 Bf2 49.Nfd4 Ke7 50.Kb3 Be3
51.Kc2 Kf6 52.Kd3 Bf2 53.Kc2 Be8 54.Bf3 Bg6+ 55.Kd2 Nf5 56.Nxf5 Kxf5 57.Bc6 Kg4
58.Bd7 Bf5 59.Bc8 Kf3 60.Bd7 Be3+ 61.Kd1 Bg4 62.Ke1 Bf2+ 63.Kd2 Be3+ 64.Ke1 Ke4
65.Nc3+ Kxf4 66.Nd1 Bd4 67.Kd2 e5  0-1

[Event "Graz op"]
[Site "Graz"]
[Date "1996.??.??"]
[Round "?"]
[White "Loebler, Heimo"]
[Black "Cebalo, Miso"]
[Result "0-1"]
[WhiteElo "2265"]
[BlackElo "2495"]

1.d4 Nf6 2.Bg5 e6 3.e4 h6 4.Bxf6 Qxf6 5.Nc3 d6 6.Nf3 Nd7 7.Qd2 g5 8.Nb5 Kd8
9.h3 a6 10.Nc3 b5 11.a4 b4 12.Nd1 Qf4 13.Qe2 Bb7 14.Nd2 d5 15.g3 Qf6 16.e5 Qg6
17.Qf3 c5 18.Bd3 f5 19.c3 bxc3 20.bxc3 cxd4 21.cxd4 Bb4 22.a5 Rb8 23.Qe2 g4
24.Bxa6 Bxa6 25.Qxa6 f4 26.Qe2 Rc8 27.Ra2 fxg3 28.fxg3 Rf8 29.hxg4 Rc1 30.Rf1 Qb1
31.Rxf8+ Nxf8 32.Ra4 Qb3 33.Rxb4 Qxb4 34.Qf2 Nd7 35.a6 Ra1 36.Qf4 Qa4 37.Qf3 Qxd4
38.Nb3 Qxe5+ 39.Kf2 Rxa6 40.Qd3 Ra2+ 41.Kf1  0-1

[Event "Koop Tjuchem op"]
[Site "Groningen"]
[Date "1996.??.??"]
[Round "8"]
[White "Summerscale, Aaron"]
[Black "Docx, Stefan"]
[Result "1/2-1/2"]
[WhiteElo "2500"]
[BlackElo "2315"]

1.d4 Nf6 2.Bg5 e6 3.e4 h6 4.Bxf6 Qxf6 5.Nc3 d6 6.Qd2 g6 7.f4 Bg7 8.Nf3 Qe7
9.O-O-O a6 10.Bd3 Nd7 11.Rhe1 c6 12.e5 d5 13.g4 c5 14.f5 cxd4 15.Nxd5 Qc5
16.Nf4 gxf5 17.gxf5 Nxe5 18.Qg2 Nxf3 19.Qxg7 Qf8 20.Qf6 Nxe1 21.Rxe1 Rg8
22.fxe6 fxe6 23.Bg6+ Rxg6 24.Qxg6+ Kd8 25.Qe4 Qf6 26.Nxe6+ Bxe6 27.Qxe6 Qh4
28.Qe8+ Kc7 29.Qe7+ Qxe7 30.Rxe7+ Kd6 31.Rh7 Rg8 32.Rxh6+ Kd5 33.Rh5+ Kc4
34.b3+ Kc3 35.Rh3+ Kb4 36.Kb2 Rg2 37.Rh5 b5 38.a3+ Ka5 39.Rh6 b4 40.Rh5+ Kb6
41.axb4 d3 42.Kc3 dxc2 43.Kb2 Rf2 44.Rh8 Kb7 45.h4 Rh2 46.Rh7+ Kb6 47.h5 Kc6
48.Rh6+ Kb7 49.Rg6 c1=Q+ 50.Kxc1 Rxh5 51.Kb2 Rh2+ 52.Ka3 Rh1 53.b5 axb5 54.Kb4 Rh5
55.Ka5 Kc7 56.b4 Rf5 57.Ka6 Rh5 58.Rb6 Rg5 59.Rh6 Rf5 60.Rh7+ Kc8 61.Kb6 Rg5
62.Kc6 Kb8 63.Kb6 Kc8 64.Rc7+ Kb8 65.Rc5 Rxc5 66.Kxc5 Kc7 67.Kxb5 Kb7 68.Kc5 Kc7
69.b5 Kb7 70.b6 Kb8 71.Kc6 Kc8 72.b7+ Kb8 73.Kb6  1/2-1/2

[Event "FIN-ch"]
[Site "Helsinki"]
[Date "1996.??.??"]
[Round "4"]
[White "Puranen, Jukka"]
[Black "Keskisarja, Teemu"]
[Result "0-1"]
[WhiteElo "2300"]
[BlackElo "2255"]

1.d4 Nf6 2.Bg5 e6 3.e3 c5 4.Nd2 cxd4 5.exd4 Be7 6.Ngf3 b6 7.c3 Bb7 8.Bd3 d6
9.O-O Nbd7 10.Re1 O-O 11.Nf1 Re8 12.Ng3 h6 13.Bc1 Qc7 14.h3 Bf8 15.Nh4 Rac8
16.a4 a6 17.Be3 Qb8 18.Nh5 Qa8 19.Nxf6+ Nxf6 20.Bf1 Bd5 21.Nf3 Qb7 22.Nd2 b5
23.axb5 axb5 24.g3 Ra8 25.b3 Bc6 26.Qc2 Nd5 27.c4 Nxe3 28.fxe3 Be7 29.Red1 Rec8
30.Qd3 Rxa1 31.Rxa1 bxc4 32.bxc4 Qc7 33.Kh2 d5 34.Rc1 Bh4 35.e4 dxe4 36.Nxe4 Bxe4
37.Qxe4 Qxg3+ 38.Kh1 Bg5 39.Rc2 Rb8 40.Qg2 Qf4 41.Qf2 Qxf2 42.Rxf2 Be3 43.Rc2 Bxd4
44.c5 Rb1 45.Kg2 Rb2 46.Rxb2 Bxb2 47.Kf3 Kf8 48.Ke4 Ke7 49.Kd3 f5 50.Kc4 g5
51.Be2 Be5 52.Bh5 Bb8 53.Kd4 Kf6 54.c6 Ke7 55.Ke3 Kd6 56.Bf7 Bc7 57.Kf3 e5
58.Bg6 e4+ 59.Ke2 Ke5 60.Kf2 f4 61.Bh5 f3 62.Kg3 Kd5+ 63.Kf2 Bb6+ 64.Kg3 Kxc6
65.h4 Kd5  0-1

[Event "FIN-ch"]
[Site "Helsinki"]
[Date "1996.??.??"]
[Round "8"]
[White "Puranen, Jukka"]
[Black "Lassila, Erkki"]
[Result "1/2-1/2"]
[WhiteElo "2300"]
[BlackElo "2190"]

1.d4 Nf6 2.Bg5 e6 3.Nf3 h6 4.Bh4 c5 5.e3 cxd4 6.exd4 b6 7.c3 Bb7 8.Nbd2 Be7
9.h3 d6 10.Bd3 Nbd7 11.Qe2 a6 12.Nf1 Qc8 13.Ne3 Bc6 14.O-O Qb7 15.Nd2 O-O
16.f4 Rfe8 17.Rae1 b5 18.Bb1 Ne4 19.Bxe7 Rxe7 20.Bxe4 Bxe4 21.Nxe4 Qxe4 22.f5 Rae8
23.fxe6 Qxe6 24.Qf2 Nf8 25.a3 Ng6 26.Nc2 Qc4 27.Rxe7 Rxe7 28.Ne3 Qd3 29.Nd5 Rb7
30.Nb4 Qc4 31.Nxa6 Re7 32.Re1 Qb3 33.Rxe7 Nxe7 34.Nb4 Qd1+ 35.Kh2 g6 36.Qf6 Nf5
37.Nd5 Qe1 38.Qd8+ Kg7 39.Qf6+ Kg8 40.Qd8+ Kg7 41.Qf6+  1/2-1/2

[Event "NLD-chT9697"]
[Site "Holland"]
[Date "1996.??.??"]
[Round "?"]
[White "Wilgenhof, Otto"]
[Black "Kohlweyer, Bernd"]
[Result "0-1"]
[WhiteElo "2235"]
[BlackElo "2420"]

1.d4 Nf6 2.Bg5 e6 3.Nd2 h6 4.Bxf6 Qxf6 5.Ngf3 d6 6.e4 g5 7.e5 Qg7 8.Ne4 Nd7
9.exd6 cxd6 10.c3 g4 11.Nfd2 d5 12.Ng3 h5 13.Bd3 Bd6 14.Qe2 Kf8 15.O-O-O Nf6
16.Ngf1 Bd7 17.g3 Rc8 18.f4 Ng8 19.Kb1 f5 20.h3 Nf6 21.Ne3 Kf7 22.c4 Rhe8
23.hxg4 hxg4 24.Qg2 Bc6 25.c5 Be7 26.b4 a6 27.Nb3 Bb5 28.Bc2 b6 29.Qd2 Ne4
30.Bxe4 dxe4 31.Qb2 Bd3+ 32.Rxd3 exd3 33.Qc3 bxc5 34.bxc5 Red8 35.Nc4 Kg8
36.Ne5 Bf6 37.Qc4 Re8 38.c6 Bxe5 39.dxe5 Qc7 40.Rc1 Qb6 41.Ka1 Qe3 42.Nd4 Qe4
43.Kb2 Kf7 44.Kc3 d2 45.Rd1 Qg2 46.Kc2 Qe4+ 47.Kb2 Rxc6 48.Qxc6 Qxd4+ 49.Kc2 Rd8
50.Qc3 Qa4+ 51.Qb3 Rc8+ 52.Kxd2 Qd4+ 53.Ke2 Qe4+ 54.Kf1 Qh1+ 55.Kf2 Rc2+  0-1

[Event "NLD-chT9697"]
[Site "Holland"]
[Date "1996.??.??"]
[Round "?"]
[White "Groffen, Hans"]
[Black "Van Gisbergen, Stan"]
[Result "0-1"]
[WhiteElo "2145"]
[BlackElo "2270"]

1.d4 Nf6 2.Bg5 e6 3.e4 h6 4.Bxf6 Qxf6 5.Nc3 b6 6.Qd2 Bb7 7.O-O-O Bb4 8.f3 O-O
9.Nge2 d5 10.e5 Qe7 11.a3 Bxc3 12.Qxc3 c5 13.f4 Nc6 14.Qe3 Ba6 15.c3 Rfc8
16.Kb1 Na5 17.Nc1 Bxf1 18.Rhxf1 Nc4 19.Qg3 Qd7 20.Ka2 cxd4 21.cxd4 Rc7 22.Nd3 Rac8
23.Rc1 Qb5 24.Rc3 Nd2 25.Rxc7 Rxc7 26.Rc1 Qb3+ 27.Ka1 Rxc1+ 28.Nxc1 Qc2  0-1

[Event "IRL-ch"]
[Site "Irland"]
[Date "1996.??.??"]
[Round "5"]
[White "Clarke, Thomas"]
[Black "Quinn, Mark"]
[Result "0-1"]
[WhiteElo "2230"]
[BlackElo "2345"]

1.d4 Nf6 2.Bg5 e6 3.e4 h6 4.Bxf6 Qxf6 5.Nc3 d6 6.Qd2 g5 7.O-O-O Bg7 8.h4 Nc6
9.hxg5 Qxd4 10.Qxd4 Nxd4 11.gxh6 Rxh6 12.Rxh6 Bxh6+ 13.Kb1 Nc6 14.Nb5 Kd8
15.Nf3 a6 16.Na3 Ke7 17.Be2 Bd7 18.Rh1 Rh8 19.c3 Nd8 20.Kc2 Bg7 21.Rxh8 Bxh8
22.Nc4 b5 23.Ncd2 c5 24.a4 Nb7 25.axb5 axb5 26.Nb1 Bc6 27.Nfd2 c4 28.f3 Be5
29.b3 d5 30.exd5 exd5 31.Nf1 Nc5 32.Nbd2 Bd7 33.Ne3 Be6 34.bxc4 bxc4 35.g4 Na4
36.Nb1 Kf6 37.Bd1 Kg5 38.Kd2 Nc5 39.Bc2 Kf4 40.Ke2 Nb3 41.Nf5 Nc1+ 42.Kf2 Na2
43.Na3  0-1

[Event "ITA op"]
[Site "Italy"]
[Date "1996.??.??"]
[Round "?"]
[White "Isonzo, Davide"]
[Black "Aranovitch, Emiliano"]
[Result "1/2-1/2"]
[WhiteElo "2175"]
[BlackElo "2185"]

1.d4 Nf6 2.Bg5 e6 3.Nd2 h6 4.Bh4 c5 5.e3 Nc6 6.c3 cxd4 7.exd4 Be7 8.Bd3 O-O
9.Ngf3 d6 10.O-O Nh5 11.Bxe7 Qxe7 12.Re1 Nf4 13.Bf1 b6 14.g4 Ng6 15.d5 Nd8
16.Nd4 e5 17.Nc4 Bd7 18.Bg2 Rc8 19.b3 Qf6 20.Nc6 Nxc6 21.dxc6 Bxc6 22.Qxd6 Bxg2
23.Qxf6 gxf6 24.Kxg2  1/2-1/2

[Event "Jakarta"]
[Site "Jakarta"]
[Date "1996.??.??"]
[Round "?"]
[White "Hodgson, Julian M"]
[Black "Situru, Nathanael"]
[Result "1-0"]
[WhiteElo "2550"]
[BlackElo "2385"]

1.d4 Nf6 2.Bg5 e6 3.e4 h6 4.Bxf6 Qxf6 5.Nc3 d6 6.Qd2 g5 7.O-O-O Qf4 8.Qxf4 gxf4
9.g3 fxg3 10.hxg3 Bd7 11.Bh3 Rg8 12.Nge2 b5 13.Nf4 b4 14.Nce2 Rg5 15.d5 e5
16.Nd3 Bxh3 17.Rxh3 c5 18.Ng1 Nd7 19.Nf3 Rg4 20.Rh4 Rg6 21.Rh3 Rg4 22.Nd2 Nb6
23.b3 a5 24.Nb2 a4 25.Kb1 axb3 26.cxb3 f5 27.f3 Rg5 28.Re1 fxe4 29.fxe4 Ra7
30.Nf3 Rg4 31.Nh4 Rf7 32.Nf5 Kd7 33.Rh5 Rf6 34.Kc2 Rfg6 35.Kd3 R4g5 36.Rxg5 Rxg5
37.Rf1 Be7 38.Nc4 Nxc4 39.Kxc4 Rg4 40.Kd3 Rg8 41.Rf2 Bg5 42.Rc2 h5 43.Ke2 Bf6
44.Kf3 Rh8 45.Rh2 Kc7 46.Ke2 Kd7 47.Kd3 Kc7 48.Kc2 Kd7 49.Kb2 Bd8 50.a3 bxa3+
51.Kxa3 Ba5 52.Kb2 Bd8 53.Rh1 Bf6 54.Kc3 Bd8 55.Kc4 Bf6 56.Ra1 Bd8 57.Ra7+ Bc7
58.Ng7 Kc8 59.Ne6 Bb8 60.Rg7 h4 61.gxh4 Rxh4 62.Kb5 Rh8 63.Kc6  1-0

[Event "Jyvaskyla op"]
[Site "Jyvaskyla"]
[Date "1996.??.??"]
[Round "?"]
[White "Puranen, Jukka"]
[Black "Nevanlinna, Risto"]
[Result "0-1"]
[WhiteElo "2320"]
[BlackElo "2310"]

1.d4 Nf6 2.Bg5 e6 3.e3 d5 4.Bd3 c6 5.Nd2 Nbd7 6.f4 Qb6 7.Rb1 Be7 8.c3 a5
9.Qe2 Qc7 10.Ngf3 b5 11.O-O b4 12.Ne5 c5 13.Kh1 Qb6 14.g4 Ba6 15.Bxf6 gxf6
16.Nxd7 Kxd7 17.dxc5 Bxc5 18.e4 Bb7 19.exd5 exd5 20.Bf5+ Kc7 21.cxb4 axb4
22.a3 Rae8 23.Qg2 Kb8 24.Rfe1 Be3 25.Qe2 Bxd2 26.Qxd2 d4+ 27.Kg1 Qc6  0-1

[Event "Jyvaskyla op2"]
[Site "Jyvaskyla"]
[Date "1996.??.??"]
[Round "3"]
[White "Manninen, Marko"]
[Black "Nykopp, Jan Michael F"]
[Result "1/2-1/2"]
[WhiteElo "2380"]
[BlackElo "2250"]

1.d4 Nf6 2.Bg5 e6 3.e4 h6 4.Bxf6 Qxf6 5.Nf3 b6 6.e5 Qd8 7.d5 Be7 8.Bc4 Bb7
9.O-O O-O 10.Nc3 exd5 11.Nxd5 Nc6 12.a4 Nb4 13.c3 Nxd5 14.Bxd5 Bxd5 15.Qxd5 c6
16.Qe4 d5 17.exd6 Qxd6 18.Nd4 Bf6 19.Qxc6 Qxc6 20.Nxc6 Rfc8 21.Nb4 Re8 22.Rfe1 Rxe1+
23.Rxe1 Rd8 24.Kf1 Rd2 25.Rb1 a5 26.Nc6 Rd7 27.Re1 Rd2 28.Re8+ Kh7 29.Re2 Rd1+
30.Re1 Rd2 31.Rb1 Kg6 32.Na7 Be7 33.b4 axb4 34.cxb4 Ra2 35.Nc6 Bf6 36.a5 bxa5
37.b5 Rc2 38.Nxa5 Bd4 39.Rd1 Rxf2+ 40.Ke1 Ra2 41.Rxd4 Rxa5 42.Rb4 Kf6 43.b6 Ra8
44.b7 Rb8 45.Ke2 Ke6 46.Kf3 Kd5 47.Kf4 Kc6 48.Ke5 Re8+ 49.Kf5 Rb8 50.Rc4+ Kxb7  1/2-1/2

[Event "Karditsa"]
[Site "Karditsa"]
[Date "1996.??.??"]
[Round "6"]
[White "Miladinovic, Igor"]
[Black "Grivas, Efstratios"]
[Result "1-0"]
[WhiteElo "2560"]
[BlackElo "2475"]

1.d4 Nf6 2.Bg5 e6 3.e3 c5 4.dxc5 Bxc5 5.Nd2 Be7 6.Ngf3 O-O 7.Bd3 d6 8.c3 Nbd7
9.Qc2 Nc5 10.Be2 b6 11.b4 Ncd7 12.O-O Bb7 13.Rac1 Rc8 14.a3 h6 15.Bh4 Nd5
16.Bxe7 Qxe7 17.c4 N5f6 18.Rfd1 Rfd8 19.Qb2 Ng4 20.h3 Nge5 21.Qd4 Nxf3+ 22.Bxf3 Bxf3
23.Nxf3 Nf6 24.e4 Rd7 25.Qd3 Rdc7 26.e5 dxe5 27.Nxe5 a5 28.b5 Qc5 29.Qd6 Ne4
30.Qxc5 Nxc5 31.Rd6 f6 32.Nc6 e5 33.Rcd1 Kh7 34.f3 Nb3 35.Rd7 Nc5 36.R7d6 Nb3
37.Rd8 Rxd8 38.Rxd8 Nc5 39.Rb8 Nd7 40.Re8 Nc5 41.Rb8 Nd7 42.Rd8 Nc5 43.Kf2 Kg6
44.h4 Kf7 45.Ke2 Ke6 46.g4 Nb7 47.Rb8 Kd6 48.Kd3 Nc5+ 49.Kc2 Rb7 50.Rg8 Rd7
51.h5 Ne6 52.Kc3 Ng5 53.Rb8 Nxf3 54.Rxb6 Kc5 55.Ra6 e4 56.Nb4 Ne5 57.Re6 Nxc4
58.Rc6+ Kxb5 59.a4+ Kxa4 60.Kxc4 e3 61.Nd5 e2 62.Re6 Rd8 63.Nb6+ Ka3 64.Re3+ Kb2
65.Rxe2+ Kc1 66.Re7 Kd2 67.Rxg7 Ke2 68.Nd5 Kf3 69.Nxf6 Rf8 70.Rg6 a4 71.Kb4  1-0

[Event "JUG-ch sf"]
[Site "Kladovo"]
[Date "1996.??.??"]
[Round "?"]
[White "Kosanovic, Goran A"]
[Black "Vukanovic, Sasa"]
[Result "1-0"]
[WhiteElo "2420"]
[BlackElo "2360"]

1.d4 Nf6 2.Bg5 e6 3.e4 h6 4.Bxf6 Qxf6 5.Nf3 b6 6.Nbd2 Bb7 7.Bd3 g6 8.Qe2 Bg7
9.O-O-O Nc6 10.c3 O-O-O 11.Ba6 g5 12.Rhf1 h5 13.e5 Qe7 14.Bxb7+ Kxb7 15.Ne4 g4
16.Ne1 f5 17.exf6 Bxf6 18.f4 gxf3 19.Nxf3 a6 20.Rf2 Bg7 21.Rdf1 Rdf8 22.g3 Bh6+
23.Kc2 Rhg8 24.Ne5 Rxf2 25.Rxf2 Nxe5 26.dxe5 Rg4 27.h3 Rg8 28.Rf6 Qh7 29.Qf3 Ka7
30.Kb3 Rd8 31.a4 Bg7 32.Ng5 Qb1 33.Rf4 Bxe5 34.Nf7 Bxf4 35.Nxd8 c6 36.Qxf4 Qd1+
37.Ka2 Qxa4+ 38.Qxa4  1-0

[Event "Kuala Lumpur tt"]
[Site "Kuala Lumpur"]
[Date "1996.??.??"]
[Round "1"]
[White "Paasikangas, Johanna"]
[Black "Ibrahim, Eliza Hanum"]
[Result "1-0"]
[WhiteElo "2200"]
[BlackElo "2050"]

1.d4 Nf6 2.Bg5 e6 3.Nd2 Be7 4.e3 d5 5.Bd3 Nbd7 6.Ngf3 c5 7.c3 O-O 8.O-O b6
9.a4 Bb7 10.a5 bxa5 11.Nb3 a4 12.Nxc5 Nxc5 13.dxc5 Qc7 14.Rxa4 Qxc5 15.Ne5 Rfd8
16.Bxf6 Bxf6 17.Bxh7+ Kf8 18.Qh5 Bxe5 19.Qxe5 Bc6 20.Rg4  1-0

[Event "La Coruna op"]
[Site "La Coruna"]
[Date "1996.??.??"]
[Round "?"]
[White "Piankov, Evgenij"]
[Black "Taboas Rodriguez, Daniel"]
[Result "1-0"]
[WhiteElo "2415"]
[BlackElo "2190"]

1.d4 Nf6 2.Bg5 e6 3.Nf3 h6 4.Bh4 c5 5.e3 b6 6.Nbd2 Bb7 7.Be2 Be7 8.O-O O-O
9.c3 Nd5 10.Bg3 Nf6 11.Ne5 Nc6 12.Bf3 d5 13.Qa4 Qe8 14.Nxc6 Bxc6 15.Qc2 Rc8
16.Rfe1 Qd7 17.dxc5 Bxc5 18.Rad1 Qb7 19.Nb3 Be7 20.Nd4 Rfd8 21.Nxc6 Qxc6
22.Qb3 Ne4 23.Bxe4 dxe4 24.h3 Rd3 25.Rxd3 exd3 26.Rd1 Rd8 27.Rd2 Kh7 28.f3 Bc5
29.Bf2 Qd6 30.Qc4 a5 31.a3 Qd7 32.Kf1 g6 33.f4 a4 34.e4 Bxf2 35.Kxf2 Qd6
36.Ke3 g5 37.e5 gxf4+ 38.Kxf4 Qe7 39.Qe4+ Kg8 40.Rxd3 Qg5+ 41.Kf3 Qh5+ 42.Kf2 Rxd3
43.Qxd3 Qxe5 44.Qd8+ Kg7 45.Qxb6 Qf4+ 46.Ke2 Qe4+ 47.Kf1 Qf4+ 48.Kg1 Qc1+
49.Kh2 e5 50.Qf2 Kg6 51.Qg3+ Kf5 52.Qg4+ Kf6 53.Qxa4 Qxb2 54.Qc6+ Kf5 55.Qf3+ Kg5
56.Qe3+ Kf5 57.a4 e4 58.a5 Qb8+ 59.Qg3 Qa7 60.Qg4+ Ke5 61.Qg7+ Kf5 62.g4+ Ke6
63.Qxh6+ f6 64.Qf4 Qxa5 65.Qxe4+ Kf7 66.Qh7+ Kf8 67.Qh6+ Ke7 68.Qe3+ Kf7
69.h4 Qa2+ 70.Kg3 Qa3 71.h5 Qd6+ 72.Kg2 Qc6+ 73.Kf2 Qd7 74.Qd4 Qc7 75.Ke2 Qh2+
76.Kd1 Qh1+ 77.Kc2 Qg2+ 78.Kb3 Kg7 79.Qd7+ Kh6 80.c4 Qg1 81.Qe6 Qb1+ 82.Ka4 Qa2+
83.Kb5 Qb3+ 84.Kc6 Qa4+ 85.Kd6 Qa3+ 86.c5 Qd3+ 87.Ke7 Qh7+ 88.Kxf6  1-0

[Event "Lahti op"]
[Site "Lahti"]
[Date "1996.??.??"]
[Round "2"]
[White "Puranen, Jukka"]
[Black "Kiik, Kalle"]
[Result "1/2-1/2"]
[WhiteElo "2300"]
[BlackElo "2385"]

1.d4 Nf6 2.Bg5 e6 3.e3 b6 4.Nd2 Bb7 5.Ngf3 Be7 6.Bd3 d6 7.O-O Nbd7 8.c3 Nd5
9.Bxe7 Qxe7 10.Rc1 O-O 11.c4 N5f6 12.Qc2 h6 13.Rfe1 Rfe8 14.b4 Bxf3 15.Nxf3 e5
16.Be4 Nxe4 17.Qxe4 Nf6 18.Qc6 Qd7 19.Qxd7 Nxd7 20.Red1 a5 21.b5 exd4 22.Nxd4 g6
23.Ne2 f5  1/2-1/2

[Event "Laukaa op"]
[Site "Laukaa"]
[Date "1996.??.??"]
[Round "2"]
[White "Hintikka, Eero"]
[Black "Vetemaa, Juri"]
[Result "1/2-1/2"]
[WhiteElo "2170"]
[BlackElo "2350"]

1.d4 Nf6 2.Bg5 e6 3.e4 h6 4.Bxf6 Qxf6 5.Nc3 Bb4 6.Nf3 d6 7.Qd3 O-O 8.O-O-O Bxc3
9.Qxc3 Qf4+ 10.Kb1 Qxe4 11.Qxc7 Qc6 12.Qe7 Nd7 13.d5 exd5 14.Nd4 Qb6 15.Nf5 Qxf2
16.Bd3 Ne5 17.Rhf1 Nxd3 18.cxd3 Qxf5 19.Rxf5 Bxf5 20.Qxd6 Rfd8 21.Qf4 Bg6
22.Qd4 b6 23.Rc1 Rd7 24.Rc6 Re8 25.b3 Kh7 26.Kb2 Re2+ 27.Rc2 Re6 28.g4 Rf6
29.h4 h5 30.Rg2 Rd8 31.Rg3 hxg4 32.Rxg4 Rf5 33.Qe3 d4 34.Rxd4 Rxd4 35.Qxd4 Rf3
36.Qg4 Rf2+ 37.Kc3 Bf5 38.Qg5 g6 39.Qf6 Rxa2 40.Qxf7+ Kh6 41.d4 Rc2+ 42.Kb4 Rd2
43.d5 Rd4+ 44.Kb5 Rxh4 45.Qxa7 Bd3+ 46.Kc6 Rb4  1/2-1/2